Statistics for Hosts of Family Feud

Click here to take the quiz!

General Stats

  • This quiz has been taken 49 times
  • The average score is 3 of 6

Answer Stats

YearsHost% Correct
2010-Steve Harvey
93%
1976-1985, 1994-1995Richard Dawson
64%
1999-2002Louie Anderson
47%
2002-2006Richard Karn
42%
2006-2010John O'Hurley
31%
1988-1994Ray Combs
20%

Score Distribution

Percentile by Number Answered

Percent of People with Each Score

Your Score History

You have not taken this quiz